|
|
|
|
| LEADER |
00000nam0a2200000 4500 |
| 001 |
54327 |
| 005 |
20231101211500.0 |
| 035 |
|
|
|a (RuTPU)RU\TPU\book\56942
|
| 090 |
|
|
|a 54327
|
| 100 |
|
|
|a 20030704d2003 k y0rusy50 ca
|
| 101 |
0 |
|
|a rus
|
| 102 |
|
|
|a RU
|
| 105 |
|
|
|a y g 000zy
|
| 200 |
1 |
|
|a Академический справочник Томского политехнического университета
|f Томский политехнический университет ; сост. И. И. Каляцкий, А. Г. Синебрюхов, Э. В. Третьякова ; под ред. П. С. Чубика, И. И. Каляцкого
|
| 205 |
|
|
|a 2-е изд., испр. и доп.
|
| 210 |
|
|
|a Томск
|c Изд-во ТПУ
|d 2003
|
| 215 |
|
|
|a 182 с.
|
| 318 |
|
|
|5 63413507
|a Наш политехнический ТПУ 113 лет
|b выставка
|
| 330 |
|
|
|a Настоящее, второе издание Академического справочника подготовлено на основе предыдущего и содержит более полные сведения о персональном составе преподавателей, их ученых званиях и степенях, заслуженных и почетных званиях, членах общественных академий наук. В нем учтены все изменения в структуре учебных подразделений и подготовке студентов и аспирантов, приведены более обширные статистические данные об учебной деятельности, контингентах студентов и ППС кафедр, факультетов и институтов по состоянию на 1 октября 2002 г. При подготовке Академического справочника использованы сведения, представленные заведующими кафедрами, деканами, директорами НИИ и согласованные с отделом кадров, учебным отделом, отделом аспирантуры и ученым секретарем Совета университета.
|
| 606 |
1 |
|
|a Томский политехнический университет
|2 stltpush
|3 (RuTPU)RU\TPU\subj\67475
|9 83260
|
| 610 |
1 |
|
|a техническое образование
|
| 610 |
1 |
|
|a Сибирь
|
| 610 |
1 |
|
|a инженерное образование
|
| 610 |
1 |
|
|a Томск
|
| 610 |
1 |
|
|a преподаватели
|
| 610 |
1 |
|
|a персонал
|
| 610 |
1 |
|
|a подразделения
|
| 610 |
1 |
|
|a структуры
|
| 610 |
1 |
|
|a справочники
|
| 610 |
1 |
|
|a труды учёных ТПУ
|
| 610 |
1 |
|
|a Коллекция История ТПУ
|
| 686 |
|
|
|a Ч484(2)72ТПУ
|2 rubbk
|
| 702 |
|
1 |
|a Каляцкий
|b И. И.
|c российский электротехник
|c ректор Томского политехнического института в 1970-1984, профессор
|f 1927-2005
|g Иван Иванович
|2 stltpush
|3 (RuTPU)RU\TPU\pers\14030
|4 220
|
| 702 |
|
1 |
|a Синебрюхов
|b А. Г.
|c специалист в области организации высшего профессионального образования
|c ведущий менеджер Томского политехнического университета, кандидат технических наук
|f 1935-
|g Анатолий Григорьевич
|2 stltpush
|3 (RuTPU)RU\TPU\pers\32270
|4 220
|
| 702 |
|
1 |
|a Третьякова
|b Э. В.
|c специалист в области автоматизации управления
|c заместитель начальника отдела Томского политехнического университета
|g Эмилия Власовна
|2 stltpush
|3 (RuTPU)RU\TPU\pers\26910
|4 220
|
| 702 |
|
1 |
|a Чубик
|b П. С.
|c российский геолог
|c профессор, ректор Томского политехнического университета ( с 2008 г.)
|f 1954-
|g Петр Савельевич
|2 stltpush
|3 (RuTPU)RU\TPU\pers\24546
|4 340
|
| 702 |
|
1 |
|a Каляцкий
|b И. И.
|c российский электротехник
|c ректор Томского политехнического института в 1970-1984, профессор
|f 1927-2005
|g Иван Иванович
|2 stltpush
|3 (RuTPU)RU\TPU\pers\14030
|4 340
|
| 712 |
0 |
2 |
|a Томский политехнический университет
|2 stltpush
|3 (RuTPU)RU\TPU\col\376
|
| 801 |
|
1 |
|a RU
|b 63413507
|c 20030704
|g PSBO
|
| 801 |
|
2 |
|a RU
|b 63413507
|c 20031002
|g PSBO
|
| 801 |
|
2 |
|a RU
|b 63413507
|c 20210128
|g PSBO
|
| 942 |
|
|
|c BK
|